000 00499nam a22001817a 4500
003 KOHA_MİRAKIL
005 20251221175558.0
008 251221b tu ||||| |||| 00| 0 tur d
020 _a9786057234841
040 _aTR-AnABB
_btur
_cTR-AnABB
041 _atur
082 _a307.34
_bTEO 2024
245 1 0 _aTeoriden pratiğe akıllı şehirler /
260 _aAnkara :
_bİdealkent Yayınları,
_c2024
300 _a375 sayfa ;
_c21 cm
650 0 4 _aŞehirler ve kasabalar
942 _2ddc
_cBK
999 _c9897
_d9897
900 _bGizem YORULMAZ